|
|
|
|
| LEADER |
02607nam a22004093i 4500 |
| 001 |
EBC6695174 |
| 003 |
MiAaPQ |
| 005 |
20231204023217.0 |
| 006 |
m o d | |
| 007 |
cr cnu|||||||| |
| 008 |
231204s2015 xx o ||||0 ger d |
| 020 |
|
|
|a 9783839412299
|q (electronic bk.)
|
| 020 |
|
|
|z 9783837612295
|
| 035 |
|
|
|a (MiAaPQ)EBC6695174
|
| 035 |
|
|
|a (Au-PeEL)EBL6695174
|
| 035 |
|
|
|a (OCoLC)1110437784
|
| 040 |
|
|
|a MiAaPQ
|b eng
|e rda
|e pn
|c MiAaPQ
|d MiAaPQ
|
| 100 |
1 |
|
|a Münkler, Herfried.
|
| 245 |
1 |
0 |
|a Sicherheit und Risiko :
|b Über den Umgang mit Gefahr im 21. Jahrhundert.
|
| 250 |
|
|
|a 1st ed.
|
| 264 |
|
1 |
|a Bielefeld :
|b transcript,
|c 2015.
|
| 264 |
|
4 |
|c {copy}2010.
|
| 300 |
|
|
|a 1 online resource (267 pages)
|
| 336 |
|
|
|a text
|b txt
|2 rdacontent
|
| 337 |
|
|
|a computer
|b c
|2 rdamedia
|
| 338 |
|
|
|a online resource
|b cr
|2 rdacarrier
|
| 490 |
1 |
|
|a Sozialtheorie
|
| 505 |
0 |
|
|a Cover -- Inhalt -- Vorwort -- Strategien der Sicherung: Welten der Sicherheit und Kulturen des Risikos. Theoretische Perspektiven -- Risikofaktor Religion. Von Gefahrenszenarien zu best practice-Modellen -- Riskante Partnerschaft. Shakespeares »Merchant of Venice« und die Geburt der Versicherung aus dem Meer -- Familie, sozialer Wandel und neue Risiken: Die vergessenen Kinder -- Soziale (Un)Sicherheit. Zur Genealogie eines Dispositivs moderner Gesellschaften -- Vom Weltfrieden zur menschlichen Sicherheit? Zu Anspruch, Leistung und Zukunft des Völkerrechts -- Ökonomische Risiken durch Klimawandel -- Quantifizierbarkeit von Risiken auf Finanzmärkten? -- Regulating Risks? Der Umgang mit Life-Style-Drugs zwischen potentieller Gefährdung und kalkuliertem Risiko -- Autocrash und Kernkraft-GAU. Zum Umgang mit technischen Risiken -- Medialisierte Umgebungen und Strategien der Kontingenzbewältigung. Digitale Überwachungssysteme im Modus des Spiels -- Zur Geschichte von Gefahr und Gefährlichkeit: Amok -- Autorinnen und Autoren.
|
| 588 |
|
|
|a Description based on publisher supplied metadata and other sources.
|
| 590 |
|
|
|a Electronic reproduction. Ann Arbor, Michigan : ProQuest Ebook Central, 2023. Available via World Wide Web. Access may be limited to ProQuest Ebook Central affiliated libraries.
|
| 655 |
|
4 |
|a Electronic books.
|
| 700 |
1 |
|
|a Bohlender, Matthias.
|
| 700 |
1 |
|
|a Meurer, Sabine.
|
| 776 |
0 |
8 |
|i Print version:
|a Münkler, Herfried
|t Sicherheit und Risiko
|d Bielefeld : transcript,c2015
|z 9783837612295
|
| 797 |
2 |
|
|a ProQuest (Firm)
|
| 830 |
|
0 |
|a Sozialtheorie
|
| 856 |
4 |
0 |
|u https://ebookcentral.proquest.com/lib/matrademy/detail.action?docID=6695174
|z Click to View
|